ʻIlm al-ijtimāʻ al-rīfī / (Record no. 45980)

MARC details
000 -LEADER
fixed length control field 00692cam a22002291a 4500
001 - CONTROL NUMBER
control field ne 63001201
003 - CONTROL NUMBER IDENTIFIER
control field DLC
005 - DATE AND TIME OF LATEST TRANSACTION
control field 20260227111746.0
008 - FIXED-LENGTH DATA ELEMENTS--GENERAL INFORMATION
fixed length control field 911205s1960 ua 000 0 ara c
010 ## - LIBRARY OF CONGRESS CONTROL NUMBER
LC control number ne 63001201
035 ## - SYSTEM CONTROL NUMBER
System control number (OCoLC)24894215
040 ## - CATALOGING SOURCE
Original cataloging agency Princeton Univ. Libr.
Transcribing agency MWalB
Modifying agency MWalB
-- DLC
042 ## - AUTHENTICATION CODE
Authentication code premarc
050 00 - LIBRARY OF CONGRESS CALL NUMBER
Classification number HN783.5
Item number .A64 1960
100 1# - MAIN ENTRY--PERSONAL NAME
Personal name Aḥmad, ʻAlī Fuʼād.
245 10 - TITLE STATEMENT
Title ʻIlm al-ijtimāʻ al-rīfī /
Statement of responsibility, etc. ʻAlī Fuʼād Aḥmad.
250 ## - EDITION STATEMENT
Edition statement al-Ṭabʻah al-thānīyah.
260 ## - PUBLICATION, DISTRIBUTION, ETC.
Place of publication, distribution, etc. [al-Qāhirah :
Name of publisher, distributor, etc. Dār al-Thiqāfat wa-al-ʻUlūm,
Date of publication, distribution, etc. 1960]
300 ## - PHYSICAL DESCRIPTION
Extent 268 p. ;
Dimensions 24 cm.
650 #0 - SUBJECT ADDED ENTRY--TOPICAL TERM
Topical term or geographic name entry element Sociology, Rural.
651 #0 - SUBJECT ADDED ENTRY--GEOGRAPHIC NAME
Geographic name Egypt
General subdivision Rural conditions.

No items available.

Powered by Koha